Stredopravicová versus stredoľavicová koalícia v Taliansku pred parlamentnými voľbami 2006 až po súčasnosť
Situácia v talianskom straníckom systéme vo voľbách 2006, hlavné zmeny. Hlavná volebná agenda Domu slobôd (Cdl) a Únie. Zahraničná politika, európska integrácia a národná identita. Finančná a daňová politika v Taliansku, rozvoj a revitalizácia hospodárstva, sociálna politika. Kultúra a vzdelávanie....
Salvato in:
| Autore principale: | |
|---|---|
| Natura: | Capitolo di libro |
| Lingua: | slovacco |
| Soggetti: | |
| Tags: |
Nessun Tag, puoi essere il primo ad aggiungerne!!
|
MARC
| LEADER | 00000nla$a2200000$$$4500 | ||
|---|---|---|---|
| 001 | 0071649 | ||
| 005 | 20220802080439.5 | ||
| 041 | 0 | |a slo | |
| 044 | |a SK | ||
| 245 | 1 | 0 | |a Stredopravicová versus stredoľavicová koalícia v Taliansku pred parlamentnými voľbami 2006 až po súčasnosť |c Patrizia Prando |
| 520 | |a Situácia v talianskom straníckom systéme vo voľbách 2006, hlavné zmeny. Hlavná volebná agenda Domu slobôd (Cdl) a Únie. Zahraničná politika, európska integrácia a národná identita. Finančná a daňová politika v Taliansku, rozvoj a revitalizácia hospodárstva, sociálna politika. Kultúra a vzdelávanie. Priebeh a výsledky parlamentných volieb (2006). Povolebná situácia až po krízu Prodiho vlády. | ||
| 610 | 2 | 0 | |a Taliansko |
| 610 | 2 | 0 | |a vývoj politický |
| 610 | 2 | 0 | |a boj politický |
| 610 | 2 | 0 | |a voľby |
| 610 | 2 | 0 | |a politika zahraničná |
| 610 | 2 | 0 | |a politika sociálna |
| 610 | 2 | 0 | |a kultúra |
| 610 | 2 | 0 | |a vzdelávanie |
| 100 | 1 | |a Prando, Patrizia | |